[Event "European Youth Chess Championship B14"]
[Site "Prague, Top Hotel Prague"]
[Date "2012.08.23"]
[Round "7.12"]
[White "Tomczak, Mikolaj"]
[Black "Van Foreest, Jorden"]
[Result "1/2-1/2"]
[WhiteElo "1901"]
[BlackElo "2225"]
[PlyCount "105"]
[EventDate "2012.08.17"]

1. e4 e5 2. Nf3 Nc6 3. Bb5 a6 4. Ba4 Nge7 5. O-O g6 6. c3 Bg7 7. d4 b5 8. Bb3
exd4 9. cxd4 O-O 10. Nc3 Na5 11. Bc2 d6 12. h3 c5 13. Bg5 h6 14. Bf4 Nc4 15. b3
Na3 16. Rc1 Bb7 17. Ne2 Nxc2 18. Qxc2 cxd4 19. Nfxd4 Rc8 20. Qd3 Qd7 21. Nc2 g5
22. Bg3 Qe6 23. f3 d5 24. exd5 Qxd5 25. Nb4 Qe6 26. Rxc8 Rxc8 27. Rc1 Rxc1+ 28.
Nxc1 Nd5 29. Nxd5 Qxd5 30. Qxd5 Bxd5 31. Nd3 f5 32. Kf1 Kf7 33. Ke2 a5 34. Nc5
a4 35. bxa4 bxa4 36. a3 Bc4+ 37. Nd3 f4 38. Bf2 Bc3 39. Bc5 Ke6 40. Bf8 h5 41.
Bh6 Kf5 42. Bf8 $11 Bd4 43. Kd2 Be3+ 44. Ke2 Bd4 45. Be7 $11 Bb5 46. Bf8 g4 47.
hxg4+ hxg4 48. Kd1 Be3 49. fxg4+ Kxg4 50. Kc2 $11 Kg3 51. Bd6 Bxd3+ 52. Kxd3
Bc1 53. Bxf4+ 1/2-1/2

[Event "European Youth Chess Championship B14"]
[Site "Prague, Top Hotel Prague"]
[Date "2012.08.23"]
[Round "7.13"]
[White "Stremavicius, Titas"]
[Black "Plenca, Jadranko"]
[Result "1/2-1/2"]
[WhiteElo "2195"]
[BlackElo "2061"]
[PlyCount "130"]
[EventDate "2012.08.17"]

1. d4 d5 2. c4 c6 3. e3 Nf6 4. Bd3 a6 5. c5 b6 6. cxb6 Qxb6 7. Nc3 e6 8. Na4
Qa7 9. Bd2 Nbd7 10. Rc1 c5 11. dxc5 Nxc5 12. Nxc5 Bxc5 13. Qc2 Be7 14. Bc3 h6
15. Bd4 Qb7 16. Qc6+ Qxc6 17. Rxc6 O-O 18. Nf3 Bd7 19. Rb6 Rfb8 20. Rxb8+ Rxb8
21. Ke2 Bb5 22. Rc1 Bxd3+ 23. Kxd3 Ne4 24. Ke2 f6 25. b3 e5 26. Ba1 Rb5 27. Ne1
Rc5 28. Rd1 Kf7 29. f3 Nd6 30. Bb2 Nb5 31. a4 Nc3+ 32. Bxc3 Rxc3 33. Rd3 Rc5
34. Kd2 Ke6 35. Rc3 Rxc3 36. Kxc3 Bc5 37. Kd3 Kd6 38. g4 g5 39. e4 a5 40. exd5
Kxd5 41. Ng2 Bg1 42. Ne3+ Kc5 43. Nf5 Kb4 44. Kc2 Bxh2 45. Nxh6 Kc5 46. Kc3 Bg3
47. Ng8 e4 48. fxe4 Be5+ 49. Kd3 Kb4 50. Kc2 Kc5 51. Ne7 Ba1 52. Nd5 Kd4 53.
Nxf6 Ke5 54. Ng8 Kf4 55. Nh6 Kxe4 56. b4 axb4 57. Kb3 Bc3 58. Kc4 Be1 59. a5 b3
60. a6 b2 61. a7 b1=Q 62. a8=Q+ Ke3 63. Qa3+ Ke2 64. Qe7+ Kf1 65. Qxg5 Qe4+
1/2-1/2

[Event "European Youth Chess Championship B14"]
[Site "Prague, Top Hotel Prague"]
[Date "2012.08.23"]
[Round "7.14"]
[White "Dolana, Andrei-Theodor"]
[Black "Maslov, Ivan"]
[Result "1-0"]
[WhiteElo "2136"]
[BlackElo "1975"]
[PlyCount "93"]
[EventDate "2012.08.17"]

1. e4 Nf6 2. e5 Nd5 3. d4 d6 4. c4 Nb6 5. exd6 cxd6 6. Nc3 g6 7. Be3 Bg7 8. Rc1
O-O 9. b3 Bf5 10. Nf3 Bg4 11. Be2 Nc6 12. h3 Bxf3 13. Bxf3 e6 14. O-O d5 15.
cxd5 exd5 16. Qd2 a6 17. Ne2 Nc8 18. Rc5 N8e7 19. Rfc1 Rc8 20. Bh6 Bxh6 21.
Qxh6 Qd6 22. Qd2 Rfd8 23. Nf4 b6 24. R5c2 Qf6 25. Bg4 Rb8 26. Ne2 Rd6 27. Rc3
h5 28. Bf3 Rbd8 29. Rd3 Kg7 30. a3 Nf5 31. Qf4 g5 32. Qd2 Rh8 33. Rcc3 Nce7 34.
Ng3 Nxg3 35. fxg3 Nf5 36. Bxh5 Rxh5 37. g4 Rh4 38. gxf5 Qxf5 39. Rf3 Qb1+ 40.
Rf1 Qg6 41. Rg3 f6 42. Qc1 Re6 43. Qc7+ Kh6 44. Qd8 Qg7 45. Qxd5 Qe7 46. Rgf3
Rd6 47. Qxd6 1-0

[Event "European Youth Chess Championship B14"]
[Site "Prague, Top Hotel Prague"]
[Date "2012.08.23"]
[Round "7.16"]
[White "Sheremet, Anton"]
[Black "Havelka, Josef"]
[Result "0-1"]
[WhiteElo "2114"]
[BlackElo "1856"]
[PlyCount "120"]
[EventDate "2012.08.17"]

1. d4 Nf6 2. Nf3 g6 3. c4 Bg7 4. Nc3 O-O 5. Bg5 d6 6. e3 Nbd7 7. Be2 e5 8. dxe5
dxe5 9. O-O c6 10. Qd6 h6 11. Bh4 g5 12. Bg3 Ne8 13. Qd2 Qe7 14. e4 Nc7 15.
Rad1 Ne6 16. Qd6 Qf6 17. h4 Rd8 18. hxg5 hxg5 19. Nh2 Bf8 20. Ng4 Bxd6 21.
Nxf6+ Nxf6 22. Rxd6 Rxd6 23. Bxe5 Ne8 24. Bxd6 Nxd6 25. Rd1 Ne8 26. e5 Nf4 27.
Rd8 Nxe2+ 28. Nxe2 Kf8 29. e6 f6 30. f4 gxf4 31. Nxf4 Ke7 32. Rd3 Bxe6 33. Re3
Nc7 34. Rg3 Rg8 35. Re3 Kd6 36. b3 Bf5 37. Kf2 Re8 38. Rf3 Ne6 39. Ne2 Bg4 40.
Rd3+ Kc5 41. Nc3 f5 42. a3 Kb6 43. Re3 Ng7 44. Na4+ Kc7 45. Rc3 Re2+ 46. Kg3
Nh5+ 47. Kh4 Rxg2 48. Nc5 f4 49. b4 f3 50. Re3 b6 51. Na6+ Kd6 52. c5+ bxc5 53.
bxc5+ Kd5 54. Nb4+ Kxc5 55. Rc3+ Kd4 56. Rc1 f2 57. Nxc6+ Ke4 58. Rc4+ Kd5 59.
Rc1 Rg1 60. Nb4+ Kd4 0-1

[Event "European Youth Chess Championship B14"]
[Site "Prague, Top Hotel Prague"]
[Date "2012.08.23"]
[Round "7.17"]
[White "Savenkov, Konstantin"]
[Black "Martins, Guilherme Pires Tava"]
[Result "1-0"]
[WhiteElo "2162"]
[BlackElo "1761"]
[PlyCount "91"]
[EventDate "2012.08.17"]

1. e4 c5 2. Nf3 a6 3. c4 e6 4. Nc3 Qc7 5. d4 cxd4 6. Nxd4 Nf6 7. a3 Be7 8. Be2
O-O 9. O-O d6 10. Be3 Nbd7 11. f3 b6 12. Rc1 Bb7 13. Qd2 Rac8 14. Rfd1 Rfd8 15.
Bf1 Qb8 16. Qf2 d5 17. cxd5 exd5 18. exd5 Nxd5 19. Nxd5 Bxd5 20. Nf5 Rxc1 21.
Nxe7+ Kf8 22. Bxc1 Bb3 23. Re1 Qc7 24. Nf5 Nc5 25. Qg3 Qxg3 26. Nxg3 b5 27. Be3
Na4 28. Re2 Rd1 29. Kf2 Rb1 30. Bd4 Rd1 31. Be3 Rb1 32. Bd2 f6 33. Bb4+ Kg8 34.
Re8+ Kf7 35. Re7+ Kg8 36. Bd3 Rd1 37. Re8+ Kf7 38. Rf8+ Ke6 39. Bf5+ Ke5 40.
Re8+ Kf4 41. Re4+ Kg5 42. Rg4+ Kh6 43. Rh4+ Kg5 44. Rh5+ Kf4 45. Ne2+ Ke5 46.
Bc2+ 1-0

[Event "European Youth Chess Championship B14"]
[Site "Prague, Top Hotel Prague"]
[Date "2012.08.23"]
[Round "7.18"]
[White "Dvorak, Adam"]
[Black "Shtembuliak, Evgeny"]
[Result "1/2-1/2"]
[WhiteElo "2008"]
[BlackElo "2153"]
[PlyCount "120"]
[EventDate "2012.08.17"]

1. d4 g6 2. c4 Bg7 3. Nc3 c5 4. d5 Bxc3+ 5. bxc3 f5 6. h4 Nf6 7. Nh3 Qa5 8. Qc2
d6 9. Rb1 Nbd7 10. Nf4 Nb6 11. h5 Rg8 12. hxg6 hxg6 13. Ne6 Bxe6 14. dxe6 O-O-O
15. Rb5 Qa4 16. Qb3 Qxb3 17. axb3 Na8 18. Ra5 a6 19. Bg5 Rh8 20. Bxf6 Rxh1 21.
Bxe7 Re8 22. Bxd6 b6 23. Rxa6 Kb7 24. Ra1 Rxe6 25. Bf4 Nc7 26. g3 Re8 27. Rd1
Ne6 28. Rd7+ Kc8 29. Ra7 Nxf4 30. gxf4 Kb8 31. Rg7 Rg1 32. f3 Rh1 33. Rxg6 Kc7
34. Kf2 Ra8 35. Rg7+ Kd6 36. Rg6+ Kc7 37. b4 cxb4 38. cxb4 Ra4 39. Rg7+ Kd6 40.
Rg6+ Kc7 41. Rg7+ Kd6 42. c5+ bxc5 43. bxc5+ Kxc5 44. Rg5 Rxf4 45. Bg2 Rh8 46.
e3 Rb4 47. Rxf5+ Kd6 48. f4 Rb2+ 49. Kf3 Re8 50. e4 Rxe4 51. Kxe4 Rxg2 52. Ra5
Ke7 53. Ra6 Rb2 54. Kf5 Kf7 55. Kg5 Rg2+ 56. Kf5 Rb2 57. Ra7+ Kf8 58. Kg5 Rb6
59. f5 Rc6 60. f6 Rc1 1/2-1/2

[Event "European Youth Chess Championship B14"]
[Site "Prague, Top Hotel Prague"]
[Date "2012.08.23"]
[Round "7.20"]
[White "Kudelya, Igor"]
[Black "Chekletsov, Ilya"]
[Result "1-0"]
[WhiteElo "2120"]
[BlackElo "2018"]
[PlyCount "107"]
[EventDate "2012.08.17"]

1. e4 c5 2. Nf3 d6 3. d4 cxd4 4. Nxd4 Nf6 5. f3 Nc6 6. c4 Qb6 7. Nc2 g6 8. Nc3
Bg7 9. Rb1 Ng4 10. Qd2 Bh6 11. Qe2 Bxc1 12. Nd5 Qd8 13. Rxc1 Nge5 14. Qd2 Be6
15. Be2 O-O 16. Nce3 Nd7 17. O-O Rc8 18. f4 Nc5 19. Bf3 a5 20. b3 Rb8 21. Nc3
Bd7 22. Kh1 Ra8 23. Rb1 Re8 24. Rfd1 Qb8 25. Qf2 Rf8 26. Qh4 Kh8 27. Ned5 Qd8
28. Rb2 f6 29. Re2 Rb8 30. Qf2 b6 31. Rb2 Rf7 32. a3 e5 33. Nb5 Be6 34. Ndc3
Rd7 35. f5 Bf7 36. b4 axb4 37. axb4 Na6 38. fxg6 Bxc4 39. Bg4 Naxb4 40. Bxd7
Qxd7 41. Qxf6+ Qg7 42. Qxg7+ Kxg7 43. gxh7 Kxh7 44. Nxd6 Ba6 45. Rf2 Nd4 46.
Nd5 Nxd5 47. exd5 Rd8 48. Ne4 Kg7 49. Ra1 Bd3 50. Ra7+ Kh8 51. Nf6 b5 52. Rb7
Rd6 53. Rb8+ Kg7 54. Ne8+ 1-0

[Event "European Youth Chess Championship B14"]
[Site "Prague, Top Hotel Prague"]
[Date "2012.08.23"]
[Round "7.21"]
[White "Pak, Alexander"]
[Black "Petr, Jan"]
[Result "1-0"]
[WhiteElo "2104"]
[BlackElo "2001"]
[PlyCount "105"]
[EventDate "2012.08.17"]

1. e4 e5 2. Nf3 Nc6 3. Bb5 f5 4. Nc3 fxe4 5. Nxe4 Nf6 6. Qe2 d5 7. Nxf6+ gxf6
8. d4 Bg7 9. dxe5 O-O 10. Bxc6 bxc6 11. e6 Re8 12. O-O c5 13. Bf4 Rb8 14. c3
Rb6 15. Qd2 Rbxe6 16. Be3 Bf8 17. b4 d4 18. cxd4 cxb4 19. d5 Ra6 20. Qd4 f5 21.
Qc4 Re4 22. Bd4 Rd6 23. Qb3 a5 24. Rad1 Bb7 25. Be5 Bxd5 26. Qa4 Rg6 27. Bxc7
Rxg2+ 28. Kh1 Qa8 29. Rxd5 Qxd5 30. Kxg2 Rg4+ 31. Bg3 f4 32. Rd1 Qe6 33. Re1
Qd5 34. Re5 Qc4 35. Qxa5 fxg3 36. hxg3 b3 37. Rg5+ Rxg5 38. Qxg5+ Bg7 39. Qd8+
Bf8 40. axb3 Qxb3 41. Qa8 Qe6 42. Qb7 h6 43. Nd2 Kh8 44. Qe4 Qf7 45. Nf3 Bg7
46. Nh4 Bf8 47. Ng6+ Kg7 48. Ne5 Qf6 49. Ng4 Qd8 50. Qe5+ Kg6 51. Qe6+ Kh5 52.
Qf5+ Qg5 53. Nf6# 1-0

[Event "European Youth Chess Championship B14"]
[Site "Prague, Top Hotel Prague"]
[Date "2012.08.23"]
[Round "7.22"]
[White "Kovalev, Egor"]
[Black "Bakhmatsky, Vladislav"]
[Result "0-1"]
[WhiteElo "1992"]
[BlackElo "2101"]
[PlyCount "82"]
[EventDate "2012.08.17"]

1. e4 c5 2. Nf3 e6 3. d4 cxd4 4. Nxd4 Nf6 5. Nc3 Bb4 6. Bd3 d5 7. exd5 Nxd5 8.
Bd2 Bxc3 9. bxc3 e5 10. Nf5 Bxf5 11. Bxf5 O-O 12. O-O Nc6 13. Rb1 Qc7 14. Qf3
Nde7 15. Bd3 f5 16. Qg3 Rf6 17. h4 h6 18. h5 Kh7 19. Rb5 Rg8 20. Rfb1 b6 21. c4
Qd7 22. Bc3 e4 23. Bf1 Nd4 24. Re5 Ndc6 25. Reb5 Rf7 26. c5 f4 27. Qh4 g5 28.
hxg6+ Nxg6 29. Qh5 f3 30. g3 Nf4 31. Qh4 Rg4 32. Qh2 Ne2+ 33. Bxe2 fxe2 34. Qh5
e3 35. Re1 Ne5 36. c6 Qe6 37. Rd5 Nf3+ 38. Kh1 Nxe1 39. Qxf7+ Qxf7 40. Rd7 Qxd7
41. cxd7 exf2 0-1

[Event "European Youth Chess Championship B14"]
[Site "Prague, Top Hotel Prague"]
[Date "2012.08.23"]
[Round "7.23"]
[White "Pulpan, Jakub"]
[Black "Spacek, Oliver"]
[Result "1-0"]
[WhiteElo "2087"]
[BlackElo "1945"]
[PlyCount "73"]
[EventDate "2012.08.17"]

1. e4 c5 2. Nf3 a6 3. c3 d5 4. exd5 Qxd5 5. d4 Nf6 6. Be3 Ng4 7. Be2 Nxe3 8.
fxe3 g6 9. O-O Bh6 10. e4 Qxe4 11. Nbd2 Qe3+ 12. Kh1 b5 13. a4 cxd4 14. cxd4
O-O 15. axb5 Bb7 16. Nc4 Qe6 17. Nce5 axb5 18. Rxa8 Bxa8 19. Bxb5 Rc8 20. Qa4
Bd5 21. Re1 Qd6 22. Bc4 f6 23. Bxd5+ Qxd5 24. Ng4 Bf8 25. Ne3 Qb7 26. b4 Nd7
27. Qb3+ Kh8 28. Qe6 Rc6 29. Qd5 Nb6 30. Qf7 Rc8 31. h3 Qa7 32. d5 Rd8 33. Rd1
Qb7 34. Rd4 Bg7 35. Rh4 g5 36. Nf5 Rg8 37. Rxh7+ 1-0

[Event "European Youth Chess Championship B14"]
[Site "Prague, Top Hotel Prague"]
[Date "2012.08.23"]
[Round "7.24"]
[White "Aleksanyan, Gor"]
[Black "Rudakov, Aleksandr"]
[Result "1/2-1/2"]
[WhiteElo "1907"]
[BlackElo "2086"]
[PlyCount "84"]
[EventDate "2012.08.17"]

1. e4 e6 2. d4 d5 3. Nd2 Nf6 4. e5 Nfd7 5. Bd3 c5 6. c3 Nc6 7. Ne2 cxd4 8. cxd4
f6 9. exf6 Qxf6 10. Nf3 h6 11. O-O Bd6 12. Ng3 O-O 13. Bb1 Rf7 14. Be3 Nf8 15.
Qd2 Bd7 16. Nh5 Qe7 17. Bf4 Be8 18. Qe3 Rd8 19. Re1 g6 20. Bxd6 Qxd6 21. Ng3
Qf4 22. Qc3 g5 23. h3 Rc7 24. Ne2 Qf6 25. Ne5 Qg7 26. Nxc6 Rxc6 27. Qa3 a6 28.
Bd3 Bg6 29. Rac1 Rdc8 30. Bxg6 Nxg6 31. Qe3 Qf6 32. g3 Ne7 33. Rxc6 Rxc6 34.
Qd3 Qf5 35. Qb3 b5 36. Qa3 Kf7 37. Rc1 Qe4 38. Rxc6 Nxc6 39. Qxa6 Qxe2 40. Qxc6
Qe1+ 41. Kg2 Qe4+ 42. Kg1 Qe1+ 1/2-1/2

[Event "European Youth Chess Championship B14"]
[Site "Prague, Top Hotel Prague"]
[Date "2012.08.23"]
[Round "7.26"]
[White "Markoja, Boris"]
[Black "Nikolovski, Nikola"]
[Result "1-0"]
[WhiteElo "2070"]
[BlackElo "1917"]
[PlyCount "77"]
[EventDate "2012.08.17"]

1. c4 Nf6 2. Nc3 g6 3. e4 d6 4. d4 Bg7 5. f3 O-O 6. Be3 e5 7. d5 Nbd7 8. Qd2
Ne8 9. g4 c5 10. O-O-O a6 11. h4 b5 12. cxb5 axb5 13. Bxb5 Ba6 14. Bxa6 Rxa6
15. h5 Nb6 16. Qe2 Qa8 17. g5 Nc7 18. hxg6 hxg6 19. f4 exf4 20. Qh2 Rd8 21.
Bxf4 Nc4 22. Rd3 Kf8 23. Nf3 Rxa2 24. Nxa2 Qxa2 25. Nd2 Bxb2+ 26. Kd1 Nb5 27.
Nxc4 Qxc4 28. Qxb2 Qxd3+ 29. Kc1 Qc3+ 30. Qxc3 Nxc3 31. Kc2 Nb5 32. Kd3 Ke7 33.
Kc4 Rb8 34. Ra1 Rb7 35. e5 dxe5 36. Bxe5 Ra7 37. Kxb5 Rxa1 38. Bxa1 Kd6 39. Kc4
1-0

[Event "European Youth Chess Championship B14"]
[Site "Prague, Top Hotel Prague"]
[Date "2012.08.23"]
[Round "7.27"]
[White "Suarez Gomez, Julio"]
[Black "Aleksanyan, Hrant"]
[Result "1-0"]
[WhiteElo "2057"]
[BlackElo "1898"]
[PlyCount "117"]
[EventDate "2012.08.17"]

1. e4 e5 2. Nf3 Nc6 3. Bb5 a6 4. Ba4 Nf6 5. d4 exd4 6. O-O Be7 7. Re1 b5 8. Bb3
d6 9. Bd5 Nxd5 10. exd5 Ne5 11. Nxd4 O-O 12. a4 Bg4 13. Qd2 Bd7 14. Nc3 b4 15.
Nce2 a5 16. b3 Qb8 17. Bb2 Qb7 18. c4 bxc3 19. Nxc3 Rfe8 20. Rac1 Rac8 21. h3
Bf8 22. Ncb5 Red8 23. f4 Ng6 24. Nc6 Bxc6 25. dxc6 Qb6+ 26. Bd4 Qa6 27. Bf2 Ne7
28. Bh4 Re8 29. Kh1 Qb6 30. Qf2 Qb8 31. Bxe7 Rxe7 32. Rxe7 Bxe7 33. Re1 Bf6 34.
Qa7 Qxa7 35. Nxa7 Rb8 36. Nb5 Kf8 37. Rc1 Bd8 38. g4 Ke7 39. Re1+ Kf8 40. Kg2
Rb6 41. Rc1 Ke7 42. Kf3 Ke6 43. Ke4 g6 44. Nd4+ Ke7 45. Kd5 Rb4 46. Rc4 Rb8 47.
Nb5 Kf8 48. Rc2 Rc8 49. Re2 Bf6 50. g5 Bg7 51. Nxc7 Rxc7 52. Kxd6 Ra7 53. c7
Ra8 54. Kd7 Bc3 55. c8=Q+ Rxc8 56. Kxc8 Bb4 57. Kd7 Kg7 58. Re4 f5 59. Rxb4 1-0

[Event "European Youth Chess Championship B14"]
[Site "Prague, Top Hotel Prague"]
[Date "2012.08.23"]
[Round "7.28"]
[White "Haria, Ravi"]
[Black "Sirosh, Ilja"]
[Result "1-0"]
[WhiteElo "2054"]
[BlackElo "1889"]
[PlyCount "115"]
[EventDate "2012.08.17"]

1. e4 c5 2. Nf3 Nc6 3. Bb5 g6 4. Bxc6 dxc6 5. d3 Bg7 6. h3 b6 7. Nc3 e5 8. Be3
Ne7 9. Qd2 h6 10. O-O f5 11. exf5 gxf5 12. Qe2 O-O 13. Bd2 Ng6 14. Nh2 f4 15.
Qh5 Kh7 16. Ne4 Bf5 17. Nf3 Ne7 18. Bc3 Qd5 19. Nh4 Bxe4 20. dxe4 Qe6 21. Qg4
Qf6 22. Nf3 Ng6 23. h4 Qe7 24. h5 Nh8 25. Rad1 Rf7 26. Rd2 Re8 27. Rfd1 Qe6 28.
Qxe6 Rxe6 29. Nh4 Rc7 30. Nf5 Kg8 31. Rd7 Rxd7 32. Rxd7 Nf7 33. Rxa7 Bf8 34.
Ra8 b5 35. b3 b4 36. Bb2 Ng5 37. f3 Nf7 38. Kf1 Ng5 39. Ke2 Nh7 40. a4 bxa3 41.
Bxa3 Kf7 42. Ra7+ Kg8 43. Ra5 Nf6 44. Bxc5 Bxc5 45. Rxc5 Nxh5 46. Rxc6 Ng3+ 47.
Kd3 Re8 48. Nxg3 fxg3 49. Rg6+ Kf7 50. Rxg3 Rd8+ 51. Ke3 Rc8 52. Kd2 Rd8+ 53.
Kc3 Rd1 54. Kb4 Kf6 55. c4 h5 56. c5 Rg1 57. c6 h4 58. Rg4 1-0

[Event "European Youth Chess Championship B14"]
[Site "Prague, Top Hotel Prague"]
[Date "2012.08.23"]
[Round "7.29"]
[White "Melnikov, Egor"]
[Black "Utnasanov, Adyan"]
[Result "1-0"]
[WhiteElo "2033"]
[BlackElo "1882"]
[PlyCount "75"]
[EventDate "2012.08.17"]

1. e4 e6 2. d4 d5 3. Nc3 Nf6 4. Bg5 Be7 5. e5 Nfd7 6. Bxe7 Qxe7 7. Nb5 Nb6 8.
c3 a6 9. Na3 N6d7 10. f4 c5 11. Nc2 Nc6 12. Nf3 O-O 13. Bd3 f5 14. O-O b5 15.
dxc5 Nxc5 16. Nfd4 Nxd4 17. cxd4 Nxd3 18. Qxd3 Bb7 19. Rac1 Rfc8 20. Na1 Rc4
21. Nb3 Rac8 22. Qd2 h6 23. Kh1 Rxc1 24. Rxc1 Rxc1+ 25. Qxc1 Qb4 26. Qc3 Qc4
27. Qxc4 dxc4 28. Nc5 Bc8 29. Kg1 Kf7 30. Kf2 Ke7 31. Ke3 Kd8 32. d5 exd5 33.
Kd4 b4 34. Kxd5 c3 35. bxc3 bxc3 36. Kd4 c2 37. Nb3 Ke7 38. Kc3 1-0

[Event "European Youth Chess Championship B14"]
[Site "Prague, Top Hotel Prague"]
[Date "2012.08.23"]
[Round "7.30"]
[White "Ladopoulos, Dimitrios"]
[Black "Yaver, Faik Emre"]
[Result "1-0"]
[WhiteElo "2027"]
[BlackElo "1782"]
[PlyCount "47"]
[EventDate "2012.08.17"]

1. e4 d5 2. exd5 Qxd5 3. Nc3 Qa5 4. d4 Nf6 5. Nf3 c6 6. Bc4 Bf5 7. Bd2 e6 8.
Nd5 Qd8 9. Nxf6+ gxf6 10. O-O Bd6 11. Re1 Qc7 12. g3 Nd7 13. Nh4 Bg6 14. Bxe6
fxe6 15. Rxe6+ Kf7 16. Qe2 Nf8 17. Re1 Nxe6 18. Qxe6+ Kg7 19. Bh6+ Kxh6 20.
Qxf6 Qd8 21. Nf5+ Kh5 22. Re4 Bf4 23. f3 Qxd4+ 24. Rxd4 1-0

[Event "European Youth Chess Championship B14"]
[Site "Prague, Top Hotel Prague"]
[Date "2012.08.23"]
[Round "7.34"]
[White "Striechman, Orri"]
[Black "Santos Ruiz, Miguel"]
[Result "1-0"]
[WhiteElo "1969"]
[BlackElo "2069"]
[PlyCount "81"]
[EventDate "2012.08.17"]

1. e4 e6 2. d4 d5 3. Nc3 Bb4 4. e5 Ne7 5. a3 Bxc3+ 6. bxc3 c5 7. Qg4 O-O 8. Bd3
Nbc6 9. Qh5 Ng6 10. Nf3 Qc7 11. Be3 c4 12. Bxg6 fxg6 13. Qg4 Bd7 14. h4 Rf5 15.
h5 gxh5 16. Rxh5 Ne7 17. Kd2 Rxh5 18. Qxh5 Be8 19. Qh3 Nf5 20. Ng5 Bg6 21. Nxe6
Qb6 22. Nf4 Qb2 23. Rc1 Qxa3 24. Rh1 Re8 25. Qf3 Nxe3 26. Qxe3 Qa5 27. Nxg6
hxg6 28. Qh3 Qd8 29. Qh7+ Kf7 30. Rh3 Qg5+ 31. Ke2 Rf8 32. Rf3+ Ke8 33. Qh3 Rf5
34. Qh8+ Kd7 35. Qxg7+ Kc8 36. Rg3 Rxf2+ 37. Kxf2 Qf4+ 38. Rf3 Qd2+ 39. Kg1
Qe1+ 40. Rf1 Qe3+ 41. Kh1 1-0

[Event "European Youth Chess Championship B14"]
[Site "Prague, Top Hotel Prague"]
[Date "2012.08.23"]
[Round "7.37"]
[White "Goldobin, Aleksei"]
[Black "Portela Peleteiro, Alberto"]
[Result "0-1"]
[WhiteElo "2041"]
[BlackElo "1953"]
[PlyCount "68"]
[EventDate "2012.08.17"]

1. d4 d6 2. c4 f5 3. Nc3 g6 4. g3 Bg7 5. Bg2 Nf6 6. Nh3 O-O 7. d5 c6 8. Nf4 Qe8
9. O-O g5 10. Nh3 h6 11. f4 g4 12. Nf2 e6 13. dxc6 Nxc6 14. Qxd6 Qf7 15. Qc5
Nd7 16. Qe3 Nb6 17. Nb5 Nxc4 18. Qb3 N6a5 19. Qc2 a6 20. Nc3 Nc6 21. Qd3 Nb6
22. Be3 Rd8 23. Qc2 Nc4 24. Bc5 Nd4 25. Qa4 Ne3 26. Rfe1 Nxg2 27. Kxg2 b5 28.
Qa5 Bb7+ 29. e4 fxe4 30. Ncxe4 Nc2 31. Red1 Rxd1 32. Rxd1 Qf5 33. Qc7 Bxe4+ 34.
Kg1 Bd5 0-1

[Event "European Youth Chess Championship B14"]
[Site "Prague, Top Hotel Prague"]
[Date "2012.08.23"]
[Round "7.38"]
[White "Afanaskin, Igor"]
[Black "Tuerlinckx, Ben"]
[Result "1/2-1/2"]
[WhiteElo "2029"]
[BlackElo "1938"]
[Annotator ",Microsoft"]
[PlyCount "100"]
[EventDate "2012.08.17"]

1. e4 c6 2. d4 d5 3. exd5 cxd5 4. Bd3 Nc6 5. c3 Qc7 6. Nf3 Bg4 7. O-O e6 8.
Nbd2 Bd6 9. h3 Bh5 10. b4 Nf6 11. Re1 O-O 12. Qb3 Rac8 13. Bb2 Bg6 14. Bxg6
hxg6 15. Rac1 Nh5 16. a3 Nf4 17. c4 dxc4 18. Nxc4 Qb8 19. g3 Nd5 20. Nfe5 Nxe5
21. dxe5 Be7 22. h4 Rfd8 23. Qf3 Rd7 24. Kg2 Rdc7 25. Qe4 b5 26. Ne3 Rxc1 27.
Rxc1 Nxe3+ 28. Qxe3 Rxc1 29. Bxc1 a5 30. Bd2 axb4 31. Bxb4 Bxb4 32. axb4 Qb7+
33. Qf3 Qc7 34. Qe4 Qc3 35. Qa8+ Kh7 36. Qe4 Kg8 37. Kh2 Qd2 38. Kg2 Qc3 39.
Qf4 Qd3 40. Kh2 Qd5 41. Qe3 Qc4 42. Qd2 Kh7 43. Qd6 Qc2 44. Qc5 Qxc5 45. bxc5
b4 46. c6 b3 47. c7 b2 48. c8=Q b1=Q 49. Qd7 Qf5 $11 50. Qd4 Qf3 $11 1/2-1/2

[Event "European Youth Chess Championship B14"]
[Site "Prague, Top Hotel Prague"]
[Date "2012.08.23"]
[Round "7.39"]
[White "Ptacek, Tomas"]
[Black "Darnell, Anton"]
[Result "1-0"]
[WhiteElo "2019"]
[BlackElo "1763"]
[PlyCount "39"]
[EventDate "2012.08.17"]

1. d4 d5 2. c4 c6 3. Nc3 Nf6 4. Nf3 a6 5. Bg5 Ne4 6. h4 h6 7. Bf4 Nxc3 8. bxc3
dxc4 9. e4 b5 10. Ne5 Bb7 11. Qh5 g6 12. Nxg6 fxg6 13. Qxg6+ Kd7 14. Be5 Bg7
15. Qxg7 Rg8 16. Qh7 Qf8 17. Rh3 Kd8 18. Rf3 Qe8 19. Qxh6 c5 20. Qb6+ 1-0

[Event "European Youth Chess Championship B14"]
[Site "Prague, Top Hotel Prague"]
[Date "2012.08.23"]
[Round "7.40"]
[White "Bulgurlu, Okan"]
[Black "Malhotra, Tarun"]
[Result "1/2-1/2"]
[WhiteElo "1839"]
[BlackElo "2005"]
[PlyCount "103"]
[EventDate "2012.08.17"]

1. d4 f5 2. Bg5 c6 3. Nd2 d5 4. e3 g6 5. h4 Bg7 6. Bd3 Qb6 7. Nb3 Nd7 8. h5 h6
9. Bh4 g5 10. Bg3 e6 11. Bd6 Ngf6 12. f3 Bf8 13. Bxf8 Rxf8 14. Qd2 a5 15. O-O-O
a4 16. Na1 c5 17. c3 c4 18. Be2 a3 19. b3 cxb3 20. Nxb3 Qc6 21. Qc2 Nb6 22. Kb1
Nc4 23. Bxc4 dxc4 24. Nd2 Bd7 25. Re1 Ra5 26. Ka1 Qa6 27. e4 Ba4 28. Qc1 f4 29.
Ne2 Kd7 30. g3 fxg3 31. Nxg3 Rc8 32. e5 Nd5 33. Nde4 b6 34. Nf6+ Kc7 35. Nxd5+
Rxd5 36. f4 gxf4 37. Qxf4 Rb5 38. Rb1 Bc2 39. Rxb5 Qxb5 40. Qc1 Qa4 41. Rf1 Bd3
42. Rf7+ Kc6 43. d5+ Kxd5 44. Qg1 Kc6 45. Qh1+ Kb5 46. Nf5 Bxf5 47. Rc7 Be4 48.
Qg1 Bb7 49. Rxb7 Qa5 50. Qd4 Ka6 51. Rf7 Qb5 52. Ra7+ 1/2-1/2

[Event "European Youth Chess Championship B14"]
[Site "Prague, Top Hotel Prague"]
[Date "2012.08.23"]
[Round "7.42"]
[White "Erdogan, Anil Berk"]
[Black "Petrov, Vladimir Sergeev"]
[Result "1/2-1/2"]
[WhiteElo "1681"]
[BlackElo "1991"]
[PlyCount "114"]
[EventDate "2012.08.17"]

1. e4 c5 2. c3 g6 3. d4 cxd4 4. cxd4 d5 5. e5 Bg7 6. Nc3 Nc6 7. h3 Nh6 8. Nf3
O-O 9. Bb5 f6 10. exf6 exf6 11. O-O Ne7 12. Re1 Bd7 13. Bf4 Nf7 14. Bc7 Qxc7
15. Rxe7 Rad8 16. Qb3 Qd6 17. Rxd7 Rxd7 18. Bxd7 Qxd7 19. Qxd5 Qc7 20. Qc5 Qxc5
21. dxc5 f5 22. Rc1 Rc8 23. b4 a5 24. a3 axb4 25. axb4 g5 26. Nd5 Kf8 27. Nb6
Re8 28. b5 g4 29. hxg4 fxg4 30. Nh2 h5 31. Nf1 Kg8 32. c6 bxc6 33. bxc6 Nd6 34.
c7 Nc8 35. Nxc8 Rxc8 36. Ng3 Be5 37. Nxh5 Kf7 38. Ng3 Rxc7 39. Rxc7+ Bxc7 40.
Ne4 Kg6 $11 41. Kf1 Kf5 42. Nd2 Bb6 43. Ke2 Kf4 44. Nc4 Bc5 45. Nb2 Ke4 46. Nd1
Kf4 47. Nc3 Ke5 48. g3 Bd4 49. Nd1 Kf5 50. Kd3 Ba7 51. Ne3+ Kg5 52. Ke4 Bb6 $11
53. Kd3 Ba7 54. Ke2 Bc5 55. f4+ gxf3+ 56. Kxf3 Bxe3 57. Kxe3 Kg4 1/2-1/2

[Event "European Youth Chess Championship B14"]
[Site "Prague, Top Hotel Prague"]
[Date "2012.08.23"]
[Round "7.44"]
[White "Kostka, Vit"]
[Black "Mamedov, Elmin"]
[Result "0-1"]
[WhiteElo "1820"]
[BlackElo "2105"]
[PlyCount "94"]
[EventDate "2012.08.17"]

1. e4 c5 2. Nf3 e6 3. d4 cxd4 4. Nxd4 Nf6 5. Nc3 Bb4 6. Bd3 Nc6 7. Nxc6 dxc6 8.
O-O e5 9. Ne2 Qe7 10. Bg5 h6 11. Bh4 g5 12. Bg3 Nh5 13. a3 Bc5 14. b4 Bb6 15.
c4 Nf4 16. c5 Bc7 17. Qc2 h5 18. f3 h4 19. Be1 Be6 20. Rd1 Nxd3 21. Rxd3 O-O
22. Bf2 Kg7 23. Qc3 a5 24. f4 axb4 25. axb4 Bg4 26. Nc1 gxf4 27. h3 Be6 28. Ne2
Kh7 29. Qe1 Bd8 30. Qc3 Qg5 31. Kh1 Rg8 32. Rg1 Ra2 33. Rd2 f3 34. Be3 fxg2+
35. Kh2 Qh5 36. Rxg2 Rxd2 37. Qxd2 Rxg2+ 38. Kxg2 Bc4 39. Nc3 Qg6+ 40. Kh1 Bf1
41. Qh2 Qe6 42. Kg1 Bxh3 43. Bc1 b6 44. Qd2 Qg4+ 45. Kh1 Qf3+ 46. Kh2 Qg3+ 47.
Kh1 Bg4 0-1